000 00410nam a2200157Ia 4500
003 GCL
008 140319s9999 xx 000 0 ara d
040 _aGCL /
_cGCL
082 0 4 _aد
_b050
100 1 _aرشدى السيسى
245 1 0 _aجولزورذى و الطغاة (اقرا 421 ) /
_cرشدى السيسى
300 _a176
490 _aاقرأ
_v0
650 0 4 _aجولزورذى
942 _2ddc
_cBK
999 _c49590
_d49590